000 00650nam a2200277Ia 4500
005 20260324131206.0
008 008 260324s9999 xx 000 0 eng d
020 _a9780203030394
037 _aEBOOK
040 _aCRL
040 _beng
040 _cCRL
041 _2eng
041 _aeng
084 _qCRL
100 _aJames Sommerville; Nigel Craig
_91184574
245 0 _aImplementing IT in Construction
260 _bTaylor and Francis
260 _c2006
365 _a
365 _b385
856 _uhttp://www.taylorfrancis.com/books/9780203030394
942 _cEBOOK
999 _c1781510
_d1781510